Moral de discernimiento

Tallennettuna:
Bibliografiset tiedot
Päätekijä: Mifsud, Tony, S. J. (autor)
Aineistotyyppi: Kirja
Kieli:espanja
Julkaistu: Santiago San Pablo 2002
Painos:4a. ed
Aiheet:
Tagit: Lisää tagi
Ei tageja, Lisää ensimmäinen tagi!

MARC

LEADER 00000nam a2200000 a 4500
001 UCH6111
003 CL-VaPUC
005 20231031094801.0
008 091109e20020000CL |||||||||||||||||spa|d
999 |c 337071  |d 337069 
020 |a 9562563588v.1 
020 |a 9562561259v.2 
020 |a 9562561631v.3 
040 |c Pontificia Universidad Católica de Valparaíso 
082 0 4 |a 241  |b MIF  |2 21 
100 |a Mifsud, Tony,  |c S. J.  |e autor  |9 600778 
245 1 0 |a Moral de discernimiento 
246 1 0 |a Reivindicación ética de la sexualidad: moral sexual 
250 |a 4a. ed 
260 |a Santiago  |b San Pablo  |c 2002 
300 |a v 
500 |a v.1: Libres para amar: moral fundamental 
500 |a v.2: El respeto por la vida humana. Bioética 
500 |a v.3: Reivindicación ética de la sexualidad 
583 |a last modification  |c 20091109 00:00:00  |k Rodrigo Vera 
650 0 |a Teología moral   |9 256617 
650 0 |a Bioética  |9 256117 
650 0 |a Ética cristiana   |9 308677 
942 |c BK  |2 ddc 
945 |d 20091109 00:00:00  |a lazolas